| 000 | 00417nam a2200133Ia 4500 | ||
|---|---|---|---|
| 008 | 250506s9999 xx 000 0 und d | ||
| 024 | _a11B-004-BS, 11B-038-BS & 11B-051-BS | ||
| 082 | _a005.072 MUN | ||
| 100 | _aMunim Ali Khan, Naeem Nizar Ali & Ashhad Saud | ||
| 245 | 0 | _aEnterprise Service Bus-ESB | |
| 260 |
_aKarachi: _bUIT, _c2011 |
||
| 600 | _aComputer Science | ||
| 650 | _aBachelor of Computer Science (BS) | ||
| 999 |
_c28772 _d28772 |
||